| 000 | 01432cam a22004097a 4500 | ||
|---|---|---|---|
| 999 |
_c29179 _d29150 |
||
| 001 | 14046488 | ||
| 003 | EG-ScBUE | ||
| 005 | 20210614102246.0 | ||
| 008 | 050721t2006 inua f 001 0 eng d | ||
| 020 | _a1587052520 (pbk.) | ||
| 020 | _a9781587052521 | ||
| 035 | _a(OCoLC)ocm69732204 | ||
| 040 |
_aUKM _beng _erda _cUKM _dBAKER _dTXA _dDLC _dEG-ScBUE |
||
| 041 | 0 |
_aeng _beng |
|
| 082 | 0 | 4 |
_a005.8 _bSUL _222 |
| 100 | 1 |
_aSullivan, Chad, _eauthor. |
|
| 245 | 1 | 0 |
_aAdvanced host intrusion prevention with CSA / _cChad Sullivan, CCIE No.6394, Paul Mauvais, Jeff Asher. |
| 264 | 1 |
_aIndianapolis, IN : _bCisco Press, _c[2006] |
|
| 264 | 4 | _cc2006 | |
| 300 |
_axx, 298 pages : _billustrations ; _c24 cm. |
||
| 336 |
_2rdacontent _atext _btxt |
||
| 337 |
_2rdamedia _aunmediated _bn |
||
| 338 |
_2rdacarrier _avolume _bnc |
||
| 490 | 0 | _aCisco systems | |
| 500 | _aMaximize endpoint security with Cisco Security Agent. | ||
| 500 | _aIncludes index. | ||
| 546 | _aText in English ; summaries in English. | ||
| 650 | 7 |
_aComputer security. _2BUEsh |
|
| 653 |
_bCOMSCI _cJune2021 |
||
| 655 |
_vReading book _934232 |
||
| 700 | 1 |
_aMauvais, Paul, _eauthor. |
|
| 700 | 1 |
_aAsher, Jeff, _eauthor. |
|
| 906 |
_a7 _bcbc _ccopycat _d2 _encip _f20 _gy-gencatlg |
||
| 942 |
_2ddc _cBB |
||